| 000 | 00690nam a2200229 a 4500 | ||
|---|---|---|---|
| 003 | MX-MxUPN | ||
| 005 | 20240529063624.0 | ||
| 008 | 991125s1921 mx gr 000 0 spa d | ||
| 035 | _aUPN01000016409 | ||
| 040 |
_aMX-MxUPN _bspa _cMX-MxUPN |
||
| 041 |
_aspa _hita |
||
| 050 | 4 |
_aPQ4318 U5 _bD52 |
|
| 100 | 0 |
_aDante Alighieri, _d1265-1321 |
|
| 245 | 1 | 3 | _aLa divina comedia |
| 260 |
_aMéxico : _bUniversidad Nacional de México, _c1921. |
||
| 300 | _a555 páginas | ||
| 650 | 0 |
_aPoesía épica _952069 |
|
| 710 | 2 |
_aInstituto Federal de Capacitación del Magisterio (México) _epropietario anterior _928505 |
|
| 902 | _bMaríaRobles/280524 | ||
| 905 | _aLibro | ||
| 942 |
_2lcc _cLIBRO _n0 |
||
| 999 |
_c16409 _d16409 |
||